Loading...
| Literature - British | 0 | 6 | 0 | 1 | 60 | 34 | 88.00 | 1 | 3 | 20.03 | 35.00 |
| Literature - European | 0 | 6 | 1 | 1 | 55 | 44 | 96.00 | 2 | 4 | 19.04 | 42.50 |
| Literature - American | 0 | 4 | 0 | 0 | 40 | 92 | 114.25 | 0 | 1 | 7.80 | 18.75 |
| Fine Arts - Visual | 0 | 4 | 0 | 0 | 40 | 80 | 100.25 | 2 | 2 | 9.43 | 22.50 |
| Science - Chemistry | 0 | 3 | 0 | 0 | 30 | 108 | 112.67 | 0 | 2 | 2.70 | 16.25 |
| Science - Physics | 0 | 3 | 1 | 0 | 25 | 82 | 90.67 | 0 | 1 | 7.57 | 12.50 |
| Science - Other | 0 | 1 | 0 | 0 | 10 | 88 | 88.00 | 1 | 1 | 2.85 | 10.00 |
| History - Other | 0 | 1 | 0 | 0 | 10 | 36 | 36.00 | 1 | 1 | 6.87 | 10.00 |
| History - American | 0 | 1 | 0 | 0 | 10 | 97 | 97.00 | 0 | 0 | 2.24 | 2.50 |
| History - World | 0 | 1 | 1 | 1 | 5 | 124 | 124.00 | 0 | 0 | 0.00 | 1.25 |
| History - European | 0 | 1 | 1 | 0 | 5 | 100 | 100.00 | 1 | 1 | 2.86 | 8.75 |
| Religion | 0 | 1 | 1 | 0 | 5 | 103 | 103.00 | 0 | 0 | 2.02 | 5.00 |
| Literature - World/Other | 0 | 2 | 4 | 0 | 0 | 111 | 113.50 | 0 | 0 | 4.24 | 8.75 |
| Mythology | 0 | 1 | 2 | 0 | 0 | 56 | 56.00 | 1 | 1 | 5.91 | 7.50 |
| Social Science | 0 | 0 | 1 | 0 | -5 | 0.00 | 0 | 0 | 0.00 | 0.00 | |
| Other Academic | 0 | 0 | 1 | 0 | -5 | 0.00 | 0 | 0 | 0.00 | 0.00 | |
| Fine Arts - Other | 0 | 0 | 1 | 0 | -5 | 0.00 | 0 | 0 | 0.00 | 0.00 |